Sports Quiz

Random Sports or NFL Quiz
Score 0/25 Timer 10:00
0 Plays Today
Hint Answer % Correct
Peyton Manning
91.9%
Tom Brady
90.2%
Joe Montana
90.2%
Brett Favre
81.3%
Dan Marino
79.7%
Troy Aikman
77.2%
Johnny Unitas
74%
Terry Bradshaw
74%
John Elway
70.7%
Roger Staubach
69.1%
Bart Starr
63.4%
Warren Moon
56.1%
Aaron Rodgers
55.3%
Hint Answer % Correct
Dan Fouts
53.7%
Otto Graham
48%
Kurt Warner
44.7%
Ben Roethlisberger
41.5%
Y.A. Tittle
34.1%
Drew Bledsoe
30.1%
Vinny Testaverde
26%
Randall Cunningham
25.2%
Tony Romo
23.6%
Boomer Esiason
23.6%
Jim Plunkett
21.1%
Dree Brees
0.8%
Remove Ads.
Support Sporcle.
Get the best of Sporcle when you Go Orange. This ad-free experience offers more features, more stats, and more fun while also helping to support Sporcle. Thank you for becoming a member.

You're not logged in!

Compare scores with friends on all Sporcle quizzes.
OR
Log In

Show Comments

Extras

Created Dec 18, 2014ReportNominate
Tags:NFL Quiz, Ever, greatest

Top Quizzes Today


Score Distribution

Your Account Isn't Verified!

In order to create a playlist on Sporcle, you need to verify the email address you used during registration. Go to your Sporcle Settings to finish the process.

Report this User

Report this user for behavior that violates our Community Guidelines.

Details: